000 00415nam a2200169Ia 4500
005 20250923144227.0
008 008 250917s9999 xx 000 0 eng d
037 _aReports
040 _aDSWL
_beng
_cDSWL
041 _aeng
_2eng
084 _qDSWL
100 _aDeshpande
_9822586
245 0 _aReport on the enguriy into
_cby Deshpande
260 _c1946
942 _cREP
999 _c1436310
_d1436310